Fruticultura general : el esfuerzo del hombre /
Guardado en:
| Autor Principal: | |
|---|---|
| Formato: | Libro |
| Idioma: | Spanish |
| Publicado: |
México :
Limusa,
1991.
|
| Edición: | 3a ed. |
| Materias: | |
| Etiquetas: |
Agregar Etiqueta
Sin Etiquetas, Sea el primero en etiquetar este registro!
|
| LEADER | 00682nam a22002055a 4500 | ||
|---|---|---|---|
| 001 | EEA.libagro011345 | ||
| 008 | 211021s1991####mx#a##########000#0#spa#d | ||
| 005 | 20220202131819.0 | ||
| 245 | 1 | 0 | |a Fruticultura general : |b el esfuerzo del hombre / |c Esteban Calderón Alcaraz. |
| 250 | |a 3a ed. | ||
| 260 | |a México : |b Limusa, |c 1991. | ||
| 300 | |a xxxi, 763 p. : |b il. ; |c 22,5 cm. | ||
| 020 | |a 9681819160 | ||
| 100 | 1 | |a Calderón Alcaraz, Esteban. | |
| 082 | 0 | 4 | |a 634 |2 20 |
| 650 | 7 | |a Fruticultura |2 agrovoc | |
| 650 | 7 | |a Árboles frutales |2 agrovoc | |
| 650 | 7 | |a Necesidades de las plantas |2 agrovoc | |
| 650 | 7 | |a Fisiología vegetal |2 agrovoc | |
| 859 | |a AR-BbBCA |b BIB. AGRONOMIA |h 634 |i C145a3 |p 2021/7180 | ||
